000 00586cab a2200241 4500
001 ABS51000
008 090401t1994 xxu||||| |||| 00| 0 eng d
035 _a(Sirsi) u4448
041 _aeng
100 _aBarrick, A.
245 _aAnchor man
260 _c1994
350 _a0
490 _aBuilding
_v259(7855) 5 August 1994, 28(1)
520 _aAn interview with Sir John Banham, now chairman of Tarmac.
650 _aCHAIRMAN
650 _aPROFILE
650 _aSIR JOHN BANHAM
650 _aTARMAC
690 _aBUILT ENVIRONMENT
942 _n0
948 _c04/03/1997
999 _c2675
_d2675